Návrh opatrení pre rozvoj marketingového mixu v HORNET, spol. s r.o. Považská Bystrica = Arrangement application for marketing mix expanision of HORNET, spol. s r.o. : Bakalárska práca

Enregistré dans:
Détails bibliographiques
Auteur principal: Mináriková, Lenka (Auteur)
Autres auteurs: Knapová, Dušana, 1980- (xxx)
Format: Manuscrit Livre
Langue:slovaque
Publié: Trnava : STU v Bratislave MTF UPMK KM, 2007
Sujets:
Tags: Ajouter un tag
Pas de tags, Soyez le premier à ajouter un tag!

MARC

LEADER 00000ntm a22000003a 4500
001 stu148695
005 20160719155710.1
008 071108s2007----xo------------------slo-d
040 |a STU  |b slo 
041 0 |a slo 
044 |a xo 
100 1 |a Mináriková, Lenka  |4 aut 
245 1 |a Návrh opatrení pre rozvoj marketingového mixu v HORNET, spol. s r.o. Považská Bystrica = Arrangement application for marketing mix expanision of HORNET, spol. s r.o. :  |b Bakalárska práca 
260 |a Trnava :  |b STU v Bratislave MTF UPMK KM,  |c 2007 
300 |a 47 s  |c príl (1 CD-ROM) 
500 |a Odbor: priemyselné inžinierstvo a manažment 
650 7 |a marketing mix  |2 estusub 
700 1 |a Knapová, Dušana,  |d 1980-  |4 xxx  |u M190  |U MTF Materiálovotechnologická fakulta  |T MTF Katedra priemyselného inžinierstva a manažmentu  |X 2851  |U M190  |Y 167  |7 A000002851 
996 |b 284M066619  |c M*BP-2814  |l MMSKP  |s P  |a 0  |w stu148695_0001